[Event "Puchong op 6th"]
[Site "Puchong"]
[Date "2019.08.25"]
[Round "4"]
[White "Muhd Said, Mustafa"]
[Black "Kavin, Mohan"]
[Result "0-1"]
[WhiteElo "1852"]
[BlackElo "1540"]
[PlyCount "96"]
[EventDate "2019.08.24"]
[EventType "swiss"]
[EventRounds "6"]
[EventCountry "MAS"]
[SourceTitle "EXT 2020"]
[Source "ChessBase"]
[SourceDate "2019.10.17"]
[SourceVersion "1"]
[SourceVersionDate "2019.10.17"]
[SourceQuality "1"]

1. f4 d5 2. b3 Nf6 3. e3 e6 4. Nf3 Be7 5. Bb2 Nbd7 6. Be2 0-0 7. 0-0 Ne4 8. d3 Nd6 9. Qe1 Bf6 10. Ne5 Nf5 11. Bg4 Nh6 12. Bh3 Qe7 13. Nd2 Rd8 14. Rc1 Qd6 15. Ndf3 b6 16. g4 g5 17. fxg5 Nxe5 18. Bxe5 Bxe5 19. gxh6 Bh8 20. Qh4 d4 21. Ng5 Rd7 22. Ne4 Qe5 23. exd4 Qxd4+ 24. Kh1 Bb7 25. Qg5+ Kf8 26. Bg2 Rd5 27. Qf4 Rd7 28. h4 Be5 29. Qf2 Qb4 30. Ng5 Bxg2+ 31. Qxg2 Re8 32. Nxh7+ Kg8 33. Ng5 Qf8 34. h7+ Kh8 35. Qe4 f6 36. Kg2 Rd4 37. Qe2 Qg7 38. Ne4 Red8 39. Kh3 f5 40. Nf2 Bf6 41. Qf3 Qh6 42. Rh1 fxg4+ 43. Nxg4 Qxh4+ 44. Kg2 Rxg4+ 45. Kf1 Qg5 46. Qd1 Rf4+ 47. Ke2 Qe5+ 48. Kd2 Rf2+ 0-1